| 000 | 00871nam a22002771 4500 | ||
|---|---|---|---|
| 001 | 23012 | ||
| 003 | BD-RjUL | ||
| 005 | 20211209000900.0 | ||
| 008 | 140310s1965 enka 000 0 eng | ||
| 035 | _a(BD-RjUL)23077 | ||
| 035 | _a(OCoLC)419318 | ||
| 040 |
_aDLC _cODaWU _dOCoLC _dCaOONL _dUk _dDLC _dBD-RjUL _beng |
||
| 041 | _aeng | ||
| 055 | 0 | 1 | _aE27.2 |
| 082 |
_a917 _bMON 1965 |
||
| 100 | 1 |
_aMonkhouse, Francis John. _970980 |
|
| 245 | 1 | 0 |
_aNorth American landscape / _cF.J. Monkhouse and A.V. Hardy. |
| 260 |
_aCambridge [Eng.] : _bUniversity Press, _cc1965. |
||
| 300 |
_a94 p. : _bill. ; _c26 cm. |
||
| 651 | 0 |
_aUnited States _xDescription and travel. _961957 |
|
| 651 | 0 |
_aCanada _xDescription and travel. _968747 |
|
| 700 | 1 |
_aHardy, A. V. _q(Albert Victor), _d1912- _ejoint author. _970981 |
|
| 942 |
_2ddc _cBK |
||
| 999 |
_c23012 _d23012 |
||